000 00526nam a2200181Ia 4500
999 _c14639
_d14639
003 OSt
005 20201022111118.0
008 190216s9999||||xx |||||||||||||| ||und||
020 _a9780143062226
040 _coclc
082 _a828.9954
_bMUR/W
100 _aMurty, Sudha
_95568
245 0 _aWise And Otherwise A Salute To Life /
_cSudha Murty
260 _bPenguin Books,
_c2006.
_aNew Delhi:
300 _a220p
650 _aEnglish-Essays
942 _cBK
_2ddc
_h828.9954
_iMUR/W
_k828.9954
_mMUR/W